Get the Picture: Lloyd Webber or Sondheim? Quiz Stats

 Plays Quiz Updated Oct 6, 2019

Score 0/16 Timer 03:00
3 Plays Today
Question Answer Wrong Answers
The Phantom of the Opera Andrew Lloyd Webber
85.7%
Stephen Sondheim
4.1%
Cats Andrew Lloyd Webber
84.4%
Stephen Sondheim
5.4%
Jesus Christ Superstar Andrew Lloyd Webber
83%
Stephen Sondheim
7%
Evita Andrew Lloyd Webber
79.5%
Stephen Sondheim
10.3%
Joseph and the Amazing Technicolor Dreamcoat Andrew Lloyd Webber
79.2%
Stephen Sondheim
10.3%
Assassins Stephen Sondheim
76.8%
Andrew Lloyd Webber
13.2%
A Funny Thing Happened on the Way to the Forum Stephen Sondheim
75.4%
Andrew Lloyd Webber
14.6%
Into the Woods Stephen Sondheim
75.4%
Andrew Lloyd Webber
14.5%
Pacific Overtures Stephen Sondheim
74.2%
Andrew Lloyd Webber
15.1%
Anyone Can Whistle Stephen Sondheim
73.7%
Andrew Lloyd Webber
16.3%
Starlight Express Andrew Lloyd Webber
68.9%
Stephen Sondheim
20.9%
A Little Night Music Stephen Sondheim
68.9%
Andrew Lloyd Webber
21%
Saturday Night Stephen Sondheim
68.6%
Andrew Lloyd Webber
20.6%
Sweeney Todd: The Demon Barber of Fleet Street Stephen Sondheim
66.4%
Andrew Lloyd Webber
23.5%
Sunset Boulevard Andrew Lloyd Webber
56.8%
Stephen Sondheim
33.1%
School of Rock Andrew Lloyd Webber
51.2%
Stephen Sondheim
38.8%

Today's Daily Dose

Missing Word
Video Games (A-Z)

Get the Picture
Tom Hanks

You're not logged in!

Compare scores with friends on all Sporcle quizzes.
OR
Log In

Sporcle TV

Today on Sporcle TV


Watch our educational content, quiz creation guides, and fun videos on Sporcle TV.

Show Comments

Extras

Top Quizzes Today


Score Distribution

Your Account Isn't Verified!

In order to create a playlist on Sporcle, you need to verify the email address you used during registration. Go to your Sporcle Settings to finish the process.

Report this User

Report this user for behavior that violates our Community Guidelines.

Details: